000 00874nam a2200253Ia 4500
003 OSt
005 20221005110424.0
006 a|||||r|||| 00| 0
007 ta
008 221004b |||||||| |||| 00| 0 hin d
020 _a8189859072 (hbk)
_c80
024 _a99750
037 _b351, 02/03/2010, Swaraj Prakashan
_cTextual
040 _aCRL
_cCRL
_bhin
041 _2hin
_ahin
082 _aO152,2N12,SK, P6
100 _aविष्णु प्रभाकर
245 0 _aसत्ता के आर - पार
246 _aSattā ke ār - pāra
260 _aनई दिल्ली
_bकिताबघर प्रकाशन भारत
_c2006
300 _a80पृ0
_ccm.
942 _hO152,2N12,SK, P6
_cTEXL
_2cc
999 _c1018760
_d1018760